Music Quiz

Random Music or Rock Quiz

Classic Rock and Roll Lyrics Quiz Stats

 Plays Quiz not verified by Sporcle

Challenge
Share
Tweet
Embed
Score 0/40 Timer 10:00
0 Plays Today
Lyric Song % Correct
I met her in a club down in old Soho Where you drink champagne and it tastes just like cherry-colaLola
76.5%
When the Jester sang for the King and Queen, in a coat he borrowed from James DeanAmerican Pie
63.4%
There's a sign on the wall But she wants to be sure 'Cause you know sometimes words have Two meaningsStairway to Heaven
58.5%
I don't need to fight To prove I'm right I don't need to be forgiven.Baba O'Riley
47%
I sat on the rug, biding my time, drinking her wineNorwegian Wood
45.4%
Cleaned a lot of Plates in Memphis. Pumped a lot of Pain Down in New OrleansProud Mary
45.4%
found my way upstairs and had a smoke / and somebody spoke and I went into a dreamA Day in the Life
44.3%
Just as every cop is a criminal and all the sinners saintsSympathy for the Devil
43.2%
The Words of the Prophets are written on the Subway Walls and Tenement HallsThe Sounds of Silence
42.6%
Well I called my congressman and he said Quote: 'I'd like to help you son but you're too young to vote' Summertime Blues
35%
People passing by they would stop and say Oh my that little country boy could playJohnny B. Goode
31.1%
When the truth is found to be lies and all the joy within you diesSomebody to Love
30.1%
Roy Orbison singing for the lonely. Hey that's me and I want you onlyThunder Road
26.8%
You've been running and hiding much too long. You know it's just your foolish pride. Layla
25.1%
Cause I just can't seem to drink you off my mind.Honky Tonk Women
24.6%
If you should ever leave me, though life would go on believe meGod Only Knows
23.5%
I don't believe you, you're not the truth No one could look as good as you MercyOh, Pretty Woman
21.3%
When I saw Carmen and the Devil walkin' side by side. The Weight
20.8%
Now my girl you're so young and pretty And one thing I know is true You'll be dead before your time is due, I knowWe Gotta Get Out of This Place
20.2%
Been walking my mind to an easy time my back turned towards the sun Fire and Rain
20.2%
Lyric Song % Correct
I know that a man ain't supposed to cry, But these tears I can't hold inside.I Heard It Through the Grapevine
19.7%
Now I heard a cryin' man, Is half a man with no sense of pride Ain't Too Proud to Beg
19.7%
Come gather 'round people Wherever you roam And admit that the waters Around you have grownThe Times They Are a-Changin
19.1%
Hey kids, shake it loose together The spotlight's hitting something That's been known to change the weatherBennie and the Jets
18.6%
And Although its always crowded, you still can find some roomHeartbreak Hotel
18.6%
Goddamn, well I declare, have you seen the like? Their walls are built of cannonballs, their motto is Don't tread on me.Uncle John's Band
18%
So if an Old Friend I know, drops by to say HelloSuspicious Minds
16.4%
She was working at a topless place, and I stopped in for a beer/Tangled Up in Blue
15.3%
Well, when Cupid shot his dart, he shot it at your heart. So if we ever part, then I'll leave you.That'll Be the Day
14.8%
I don't want you/ but I need you/ don't want to kiss you/ but I need toYou've Really Got a Hold on Me
13.7%
I'm gonna tell Aunt Mary, 'bout Uncle John, He claims he has the music, but he has a lot of funLong Tall Sally
13.7%
Well it's been building up inside of me for Oh I don't know how longDon't Worry Baby
11.5%
Yeah, my blood's so mad feels like coagulatin' I'm sitting here just contemplatin'Eve of Destruction
10.9%
All you need is faith To hear the diesels humming Don't need no ticket You just thank the Lord People Get Ready
9.8%
Tearing yourself away from me now You are free and I am cryingSuite: Judy Blue Eyes
8.2%
Too Real when I feel what my heart can't conceal The Great Pretender
8.2%
There goes my baby. With-a someone newBye Bye Love
7.7%
I'm going to pick that Rose and watch her as she grows in my GardenSpanish Harlem
7.1%
One day I feel so happy Next day I feel so sad I guess I'll learn To take the good with the bad A Teenager in Love
4.9%
But my own father said give her up don't bother The world isn't coming to an endWalk Like a Man
4.4%

You're not logged in!

Compare scores with friends on all Sporcle quizzes.
Join for Free
OR
Log In

You Might Also Like...

Show Comments

Extras

Top Quizzes Today


Score Distribution

Your Account Isn't Verified!

In order to create a playlist on Sporcle, you need to verify the email address you used during registration. Go to your Sporcle Settings to finish the process.

Report this User

Report this user for behavior that violates our Community Guidelines.

Details: